Charakteristika a výzvy znalostnej ekonomiky
Charakteristické črty novej ekonomiky. Pojem znalostná ekonomika. Prehľad 11 rôznych chyrakteristík znalostnej ekonomiky, každá z nich vo väčšej či menšej miere súvisí so zmenou potrieb spoločnosti vo vzťahu ku systému a obsahu vzdelávania.
Salvato in:
| Autore principale: | |
|---|---|
| Natura: | Capitolo di libro |
| Lingua: | slovacco |
| Soggetti: | |
| Tags: |
Nessun Tag, puoi essere il primo ad aggiungerne!!
|
MARC
| LEADER | 00000naa$a2200000$$$4500 | ||
|---|---|---|---|
| 001 | 0041084 | ||
| 005 | 20220509135155.2 | ||
| 041 | 0 | |a slo | |
| 044 | |a SK | ||
| 245 | 1 | 0 | |a Charakteristika a výzvy znalostnej ekonomiky |c Peter Mikulecký |
| 520 | |a Charakteristické črty novej ekonomiky. Pojem znalostná ekonomika. Prehľad 11 rôznych chyrakteristík znalostnej ekonomiky, každá z nich vo väčšej či menšej miere súvisí so zmenou potrieb spoločnosti vo vzťahu ku systému a obsahu vzdelávania. | ||
| 610 | 2 | 0 | |a ekonomika nová |
| 610 | 2 | 0 | |a ekonomika vedomostná |
| 610 | 2 | 0 | |a pojmy |
| 610 | 2 | 0 | |a definície |
| 100 | 1 | |a Mikulecký, Peter | |